000
00195 a2200097 4500
001
2545
100
_a
Wilson, Da
245
_a
Plen in space
260
_a
_b
Faber & Faber
_c
090
_c
1842
_d
1842
942
_a
NUST-CAE
_c
M
_c
9358
999
_c
237618
_d
237618